Music Quiz

Random Music or Lyrics Quiz
Score 0/25 Timer 10:00
0 Plays Today
% Correct
The students eyes don't perceive the lies, bouncing off every f**king wall
86.4%
Now you do what they told ya
86.4%
Whoever told you that is your enemy
85.3%
Buying all the products that they're selling ya
85.3%
Rally round your family, pocket full of shells
80%
A witness to the slit wrist
79.3%
Play it again Jack, and then rewind the tape
77.2%
But if you're bowing down, let me do the cutting
76.1%
And now I got a name
75.4%
Paintings of rebellion drawn up by the thoughts I think
74.6%
These people ain't seen a brown skin man since there grandparents bought one
74.4%
We gotta take the power back
74.4%
Fight the war, f**k the norm
74.1%
% Correct
Mad boy grips the microphone, with a fist full of steel
74.1%
Hand out some beat downs
73.1%
He turned the power to the have nots. And then came the shot.
71.8%
But with different last names
68.3%
Cause, you know, they're counting backwards to zero
66.4%
Who got the power this be my question?
64.7%
Whenever a hungry new born baby cries
62.1%
Your spine cracked for tobacco
61.2%
When my life expires
61.2%
The triggers cold empty your purse
59.9%
View the world from American eyes
59.1%
Ya down with DDT? Ya, you know me
47.4%
Remove Ads.
Support Sporcle.
Get the best of Sporcle when you Go Orange. This ad-free experience offers more features, more stats, and more fun while also helping to support Sporcle. Thank you for becoming a member.

You're not logged in!

Compare scores with friends on all Sporcle quizzes.
OR
Log In

Show Comments

Extras

Top Quizzes Today


Score Distribution

Your Account Isn't Verified!

In order to create a playlist on Sporcle, you need to verify the email address you used during registration. Go to your Sporcle Settings to finish the process.

Report this User

Report this user for behavior that violates our Community Guidelines.

Details: